England vs Denmark Quiz (Euro 2020) - Statistics

General Stats
  • This quiz has been taken 45 times
  • The average score is 8 of 12
Answer Stats
Hint Answer % Correct
Who won? England
100%
Which team scored the first goal? Denmark
87%
Who took the penalty? Harry Kane
85%
Which stadium did they play at? Wembley
85%
Who will they be versing in the grand final? Italy
79%
Who fell down in the box for the penalty to be awarded? Raheem Sterling
79%
What stage of the euros was it in? Semi-finals
69%
How many defenders did England play after the half time of extra time? Five
59%
There were two yellow cards in the game. Name one of them. Harry Maguire; Daniel Wass
49%
There was one player who came on then off. Who was it? Jack Grealish
23%
How long has it been since England last reached the grand final? 55 years
18%
Who played as a right wing for Denmark? Martin Braithwaite
18%
No matching quizzes found
Score Distribution
Percent of People with Each Score
Percentile by Number Answered
Your Score History
You have not taken this quiz